00245nam a2200109Ia 4500008004100000082001200041082000800053245002700061245001900088260001900107300000900126231017s9999 xx 000 0 und d a625.725 bCHA 0aCurve speed management 0cS. G. Charlton bS. G. Charlton c30cm